|
|
|
|
| LEADER |
00802nam a2200265 4500 |
| 001 |
DLU090070558 |
| 005 |
##20090526 |
| 040 |
# |
# |
|a DLU
|b vie
|
| 041 |
# |
# |
|a vie
|
| 044 |
# |
# |
|a vn
|
| 100 |
# |
# |
|a Nguyễn Đức Nhuệ,
|c TS.
|
| 245 |
# |
# |
|a Một số giả thuyết về ngôi mộ liên quan đến Đề Thám /
|c Nguyễn Đức Nhuệ.
|
| 653 |
# |
# |
|a Hoàng Hoa Thám, 1858-1913
|
| 653 |
# |
# |
|a Khởi nghĩa Yên Thế
|
| 653 |
# |
# |
|a Mộ
|
| 773 |
# |
# |
|t Nghiên cứu lịch sử
|g Số 6(362), 2006, tr. 65-69
|
| 920 |
# |
# |
|a Phòng Tạp chí -- Trung tâm Thông tin - Thư viện Trường Đại học Đà Lạt
|
| 994 |
# |
# |
|a DLU
|
| 900 |
# |
# |
|a True
|
| 911 |
# |
# |
|a Nguyễn Thị Thu Phương
|
| 925 |
# |
# |
|a G
|
| 926 |
# |
# |
|a A
|
| 927 |
# |
# |
|a BB
|
| 980 |
# |
# |
|a Thư viện Trường Đại học Đà Lạt
|